西洋神名事典 (Record no. 35992)

000 -LEADER
fixed length control field 00476nam a22001937a 4500
003 - CONTROL NUMBER IDENTIFIER
control field MPLRDC
005 - DATE AND TIME OF LATEST TRANSACTION
control field 20220104143031.0
008 - FIXED-LENGTH DATA ELEMENTS--GENERAL INFORMATION
fixed length control field 210129b ||||| |||| 00| 0 eng d
020 ## - INTERNATIONAL STANDARD BOOK NUMBER
International Standard Book Number 986-7576-19-5
082 ## - DEWEY DECIMAL CLASSIFICATION NUMBER
Classification number 280 BSD
100 ## - MAIN ENTRY--PERSONAL NAME
Personal name 北山笃 监修
245 ## - TITLE STATEMENT
Title 西洋神名事典
Statement of responsibility, etc. 郑铭得 译
250 ## - EDITION STATEMENT
Edition statement 二版九刷
260 ## - PUBLICATION, DISTRIBUTION, ETC.
Place of publication, distribution, etc. 台湾
Name of publisher, distributor, etc. 奇幻基地出版
Date of publication, distribution, etc. 2005
300 ## - PHYSICAL DESCRIPTION
Other physical details 376
490 ## - SERIES STATEMENT
Series statement 圣典: 8
650 ## - SUBJECT ADDED ENTRY--TOPICAL TERM
Topical term or geographic name entry element 神话总论
942 ## - ADDED ENTRY ELEMENTS (KOHA)
Koha item type Book
-- 280 BSD
Holdings
Withdrawn status Lost status Source of classification or shelving scheme Damaged status Not for loan Collection code Home library Current library Shelving location Date acquired Cost, normal purchase price Total Checkouts Total Renewals Full call number Barcode Date last seen Date last checked out Price effective from Koha item type Public note
            Malaysian Public Library, Research and Development Centre Malaysian Public Library, Research and Development Centre   10/12/2007 60.00   1 280 BSD 00036106 18/03/2021 07/02/2018 18/03/2021 Book mplrdc

© 2022. Malaysian Public Library, Research and Development Centre. All Right ReservedE-mailmplrdc@help.edu.my 

Powered by Koha